000 00838nam a2200277Ia 4500
001 Para_4554
003 CHAP
008 220125s1947 xx 000 0 und d
010 _a203035
040 _cCHAP
090 _aPA FOLLETO 1837
100 _aMayer, E. L
_973232
245 _aNicotine insecticides Part III-Dust carriers for nicotine /
_c E. L. Mayer, Florence B. Talley C. F. Woodward
260 _aWashington :
_b Department of Agriculture
300 _a11 p.
440 _aEUA. Dept. of Agriculture E-720
_938779
650 _aNicotina como insecticida
_981215
700 _aTalley, Florence B. Woodward, C. F.
_9168616
901 _aPA FOLLETO 1837
902 _aA
905 _a0000001947 WAS 0000000000 00
910 _a1947
942 _cPARA
942 _cPARA
_d1
999 _c203035
_d203035